00301 a2200133 4500001000700000020002200007040001100029100002000040240003500060245003000095300000800125362000900133440002500142187582 a978-85-359-1177-0 cMagnum aBerbery, Muriel10aA elegância do ouriçolpor10aA elegância do ouriço a3500 a2008 1aCompanhia das Letras